000 00482nam a2200193Ia 4500
003 OSt
005 20230607161811.0
008 210423s2003 xx 000 0 und d
040 _cAL
041 _aeng
082 _a658.4 BRUH
_223
100 _aBRUCE (Anne)
_9121863
245 _aHow to motivate every employee
260 _bTata McGraw-hill
_c2003
365 _b125
_cINR
650 _aManagement
_9121864
906 _aemployee ; every ; How ; motivate
942 _2ddc
_cBK
999 _c173887
_d173887